Films By Synonym - Statistics

General Stats
  • This quiz has been taken 806 times
    781 since last reset
  • The average score is 6 of 12
Answer Stats
Synonym Film % Correct
The Speedy And The Angry The Fast And The Furious
87%
Secret Agent Children Spy Kids
76%
The Brilliant Arachnid-Guy The Amazing Spider-Man
73%
Dark Waterbird Black Swan
72%
The Sapling Of Existence The Tree Of Life
53%
The Ruler Of The Marriage Tokens The Lord Of The Rings
50%
Grab Snatch
49%
The Ravenousness Matches The Hunger Games
43%
Ferric Bloke Iron Man
41%
The Dog Of Barrier Road The Wolf Of Wall Street
40%
Subsequent to World After Earth
28%
Bird Cowl Robin Hood
16%
No matching quizzes found
Score Distribution
Percent of People with Each Score
Percentile by Number Answered
Your Score History
You have not taken this quiz since the last reset